000 00300nam a2200133 i 4500
001 bg
100 1 _aLUTYŃSKI, J.
245 0 _aAnkieta i jej rodzaje /
_cJ. Lutyński.
260 _aWarszawa,
_c1977.
040 _cBPK
041 _apol
942 _cKS
008 s pl f |000 0 pol
999 _c21669
_d21669
856 _uhttp://koha.tu.koszalin.pl/cgi-bin/koha/opac-detail.pl?biblionumber=21669
_yKatalog online BPK